[Event "Women's Speed Chess Q4"]
[Site "chess.com INT"]
[Date "2020.06.21"]
[Round "8"]
[White "Padmini, Rout"]
[Black "Assaubayeva, Bibisara"]
[Result "0-1"]
[WhiteTitle "IM"]
[BlackTitle "FM"]
[WhiteElo "2370"]
[BlackElo "2364"]
[WhiteFideId "5029295"]
[BlackFideId "13708694"]
[EventDate "2020.06.21"]

1. e4 c5 2. Nf3 d6 3. d4 cxd4 4. Nxd4 Nf6 5. Nc3 a6 6. Be2 e5 7. Nb3 Be7 8. O-O
O-O 9. Qd3 b5 10. Qg3 Bb7 11. Bh6 Ne8 12. Rad1 Bh4 13. Qg4 Bc8 14. Qh5 gxh6 15.
Qxh6 Qg5 16. Qxg5+ Bxg5 17. Nd5 Nd7 18. Na5 Nc5 19. f3 Be6 20. c4 Bxd5 21. Rxd5
Be3+ 22. Kh1 Bd4 23. cxb5 axb5 24. b4 Na6 25. Rxb5 Nxb4 26. Rxb4 Rxa5 27. Bc4
Nc7 28. Rb7 Rc5 29. Bb3 Kg7 30. g3 d5 31. exd5 Nxd5 32. f4 Ne3 33. Re1 exf4 34.
gxf4 Rf5 35. Rd7 Bc5 36. Rd3 Ng4 37. Rg3 h5 38. h3 Bf2 39. hxg4 Bxg3 40. Rg1
Rxf4 41. Rxg3 hxg4 42. Kg2 f5 43. Rc3 Rd8 44. Kg3 Rfd4 45. Kh4 Kf6 46. Rc6+ R4d6
47. Rc4 Rh8+ 48. Kg3 Rd3+ 49. Kf4 Rf3# 0-1

[Event "Women's Speed Chess Q4"]
[Site "chess.com INT"]
[Date "2020.06.21"]
[Round "8"]
[White "Ouellet, Maili-Jade"]
[Black "Thipsay, Bagyashree Sathe"]
[Result "1-0"]
[WhiteTitle "WGM"]
[BlackTitle "WIM"]
[WhiteElo "2257"]
[BlackElo "2072"]
[WhiteFideId "2620472"]
[BlackFideId "5001013"]
[EventDate "2020.06.21"]

1. d4 e6 2. c4 f5 3. Nf3 Nf6 4. Nc3 Bb4 5. Qb3 a5 6. a3 Be7 7. g3 O-O 8. Bg2 Kh8
9. O-O Nc6 10. d5 a4 11. Nxa4 Na5 12. Qa2 Ne4 13. Bd2 Bf6 14. Rac1 Qe8 15. Rfe1
d6 16. Nc3 b6 17. b4 Nb7 18. Nxe4 fxe4 19. Ng5 Bxg5 20. Bxg5 Qg6 21. Be3 e5 22.
c5 bxc5 23. bxc5 Bf5 24. c6 Nd8 25. Rb1 Qh5 26. Rb3 Nf7 27. Qc2 Qg6 28. Rb7 Rxa3
29. Rxc7 Ng5 30. Qb2 Raa8 31. Bxg5 Qxg5 32. e3 Qg6 33. Rb7 Bg4 34. c7 Rac8 35.
Rc1 Bf3 36. Rb8 Qf7 37. Bh3 Rxc7 38. Rxc7 1-0

[Event "Women's Speed Chess Q4"]
[Site "chess.com INT"]
[Date "2020.06.21"]
[Round "8"]
[White "Gunina, Valentina"]
[Black "Chitlange, Sakshi"]
[Result "1-0"]
[WhiteTitle "GM"]
[BlackTitle "WIM"]
[WhiteElo "2431"]
[BlackElo "2167"]
[WhiteFideId "4167570"]
[BlackFideId "35002899"]
[EventDate "2020.06.21"]

1. d4 Nf6 2. c4 e6 3. Nf3 Bb4+ 4. Bd2 Qe7 5. g3 Nc6 6. Bg2 Bxd2+ 7. Qxd2 Ne4 8.
Qc2 Qb4+ 9. Kf1 f5 10. a3 Qe7 11. h4 b6 12. Nc3 Nxc3 13. Qxc3 Bb7 14. Ne5 Qd6
15. Rd1 Rb8 16. Nxc6 Bxc6 17. d5 O-O 18. b4 exd5 19. Bxd5+ Bxd5 20. Rxd5 Qe6 21.
Qd3 d6 22. e3 Qe4 23. Qxe4 fxe4 24. h5 Rf3 25. Rh4 Rbf8 26. Rf4 R3xf4 27. gxf4
Kf7 28. Rd4 Re8 29. c5 Re6 30. cxd6 cxd6 31. Rc4 Re7 32. Ke2 Kf6 33. Rd4 Re6 34.
Rd5 Ke7 35. Kd2 g6 36. Kc3 Kd7 37. Kd4 a6 38. f5 Rf6 39. hxg6 hxg6 40. Kxe4
gxf5+ 41. Rxf5 Re6+ 42. Kd5 Re7 43. e4 Kc7 44. f4 b5 45. Rf6 Rd7 46. Rg6 Rf7 47.
f5 Re7 48. Rxd6 Rh7 49. Rxa6 Rh3 50. f6 Rf3 51. e5 Kd7 52. Ra7+ Ke8 53. Ke6 Kd8
54. f7 Rf1 55. Ra8+ Kc7 56. f8=Q Rxf8 57. Rxf8 Kc6 58. Rc8+ Kb7 59. Kd7 Kb6 60.
e6 Kb7 61. e7 Kb6 62. e8=Q 1-0

[Event "Women's Speed Chess Q4"]
[Site "chess.com INT"]
[Date "2020.06.21"]
[Round "8"]
[White "Hng, Mei-En Emmanuelle"]
[Black "De Seroux, Camille"]
[Result "1-0"]
[WhiteTitle "WFM"]
[BlackTitle "WIM"]
[WhiteElo "2029"]
[BlackElo "2137"]
[WhiteFideId "5804566"]
[BlackFideId "1305620"]
[EventDate "2020.06.21"]

1. e4 c5 2. d4 cxd4 3. c3 dxc3 4. Nxc3 Nc6 5. Bc4 a6 6. Nf3 d6 7. O-O Nf6 8. h3
e6 9. Qe2 Be7 10. Rd1 Bd7 11. Bg5 O-O 12. Rac1 Rc8 13. a3 b5 14. Ba2 h6 15. Bxf6
Bxf6 16. Rxd6 Qe7 17. Rcd1 Rfd8 18. e5 Bg5 19. h4 Bxh4 20. Nxh4 Qxh4 21. Rxd7
Rxd7 22. Rxd7 Nd4 23. Qd2 Nf5 24. Bb1 Qg4 25. Bxf5 Qxf5 26. Rd8+ Rxd8 27. Qxd8+
Kh7 28. Qd4 Qg5 29. Qe4+ Kg8 30. Qe3 Qf5 31. g3 Qc2 32. Qe2 Qc1+ 33. Kg2 Qg5 34.
Qe4 h5 35. Ne2 Qd2 36. b4 Qb2 37. Qe3 h4 38. gxh4 Kh7 39. Ng3 Kg8 40. h5 Qc2 41.
h6 gxh6 42. Qxh6 Qc6+ 43. Kh2 Qf3 44. Qg5+ Kf8 45. Qe3 Qg4 46. Kg2 Ke8 47. Qe4
Qd1 48. Qa8+ Ke7 49. Qb7+ Kf8 50. Qf3 Qd4 51. Qe3 Qd1 52. Ne4 Qd5 53. Qc5+ 1-0

[Event "Women's Speed Chess Q4"]
[Site "chess.com INT"]
[Date "2020.06.21"]
[Round "8"]
[White "Sedina, Elena"]
[Black "Khalafova, Narmin"]
[Result "0-1"]
[WhiteTitle "IM"]
[BlackTitle "WGM"]
[WhiteElo "2299"]
[BlackElo "2279"]
[WhiteFideId "812153"]
[BlackFideId "13402625"]
[EventDate "2020.06.21"]

1. e4 c5 2. Nf3 d6 3. Bb5+ Nd7 4. O-O a6 5. Bd3 Ngf6 6. c3 g6 7. Re1 Bg7 8. Bc2
O-O 9. d4 e5 10. h3 b5 11. a4 Bb7 12. Nbd2 Qc7 13. Nf1 Rac8 14. d5 c4 15. Be3
Nc5 16. N3d2 Nfd7 17. Ng3 Nb6 18. axb5 axb5 19. h4 Ra8 20. Qe2 Nba4 21. Rab1 Bc8
22. h5 f5 23. h6 Bh8 24. exf5 gxf5 25. Nxf5 Bf6 26. Qh5 Ra7 27. Bg5 Bxf5 28.
Bxf5 Bxg5 29. Qxg5+ Kh8 30. Re3 Qf7 31. Be6 Nxe6 32. dxe6 Qxe6 33. Rg3 Qf6 34.
Qg4 Qxh6 35. Ne4 Rg7 36. Qxg7+ Qxg7 37. Rxg7 Kxg7 38. Nxd6 Rb8 39. Ne4 Kg6 40.
f3 Rd8 41. Kf2 Nc5 42. Ke2 Nd3 43. b3 Nf4+ 44. Kf2 Ra8 45. bxc4 bxc4 0-1

[Event "Women's Speed Chess Q4"]
[Site "chess.com INT"]
[Date "2020.06.21"]
[Round "8"]
[White "Mrudul, Dehankar"]
[Black "Shvedova, Alexandra"]
[Result "1-0"]
[WhiteTitle "WIM"]
[BlackTitle "WFM"]
[WhiteElo "2256"]
[BlackElo "1994"]
[WhiteFideId "25096990"]
[BlackFideId "54154782"]
[EventDate "2020.06.21"]

1. e4 e5 2. Nf3 Nc6 3. Bb5 Nf6 4. Nc3 a6 5. Ba4 Bd6 6. Bb3 O-O 7. O-O Na5 8. d4
Nxb3 9. axb3 Qe7 10. Bg5 c6 11. Kh1 Bc7 12. dxe5 Bxe5 13. Nxe5 Qxe5 14. f4 Qe6
15. Bxf6 Qxf6 16. e5 Qh6 17. Ne4 b6 18. f5 c5 19. Nd6 Rb8 20. Qd5 Qh4 21. Ra4
Qh5 22. Raf4 a5 23. Qe4 Ba6 24. Re1 Rbe8 25. Nxe8 Rxe8 26. Qd5 Qg5 27. Rf2 Qh4
28. g3 Qd8 29. Rd2 Bb5 30. Kg1 Bc6 31. Qd6 Qg5 32. Rf2 Qg4 33. e6 fxe6 34. fxe6
Qb4 35. c3 Qxb3 36. e7 Qc4 37. Rf8+ 1-0

[Event "Women's Speed Chess Q4"]
[Site "chess.com INT"]
[Date "2020.06.21"]
[Round "8"]
[White "Sukandar, Irine Kharisma"]
[Black "Cori T., Deysi"]
[Result "0-1"]
[WhiteTitle "IM"]
[BlackTitle "WGM"]
[WhiteElo "2413"]
[BlackElo "2388"]
[WhiteFideId "7101937"]
[BlackFideId "3801934"]
[EventDate "2020.06.21"]

1. d4 Nf6 2. Bf4 b6 3. e3 Bb7 4. Nd2 g6 5. h3 Bg7 6. Ngf3 c5 7. c3 O-O 8. Be2 d6
9. O-O Nbd7 10. Bh2 Re8 11. a4 a6 12. b4 e5 13. Nc4 Ne4 14. Qc2 cxd4 15. cxd4
Rc8 16. Qb2 exd4 17. Nxd4 Qg5 18. Bf4 Qe7 19. Rac1 Ba8 20. Rfd1 Qf6 21. Bf3 Ne5
22. Nxb6 Nxf3+ 23. gxf3 Rxc1 24. Qxc1 Ng5 25. Bxg5 Qxg5+ 26. Kf1 Bxd4 27. Rxd4
Bxf3 28. Nc4 Qg2+ 29. Ke1 Rc8 30. Qa3 Qg1+ 31. Kd2 Qxf2+ 32. Kc1 Rxc4+ 33. Rxc4
Qf1+ 34. Kb2 Qxc4 35. Qc3 Qxc3+ 36. Kxc3 Bc6 0-1

[Event "Women's Speed Chess Q4"]
[Site "chess.com INT"]
[Date "2020.06.21"]
[Round "8"]
[White "Goryachkina, Aleksandra"]
[Black "Ilyuchyk, Yana"]
[Result "1-0"]
[WhiteTitle "GM"]
[BlackTitle "WFM"]
[WhiteElo "2582"]
[BlackElo "2119"]
[WhiteFideId "4147103"]
[BlackFideId "13508407"]
[EventDate "2020.06.21"]

1. e4 c5 2. Nf3 Nc6 3. Bb5 g6 4. O-O Bg7 5. Re1 Nf6 6. e5 Nd5 7. Nc3 Nc7 8. Bxc6
dxc6 9. Ne4 b6 10. Nf6+ Kf8 11. Ne4 Bg4 12. h3 Bxf3 13. Qxf3 Ne6 14. d3 Nd4 15.
Qd1 Bxe5 16. Nxc5 Bf6 17. Ne4 Bg7 18. c3 Ne6 19. d4 Qd5 20. Qb3 Rd8 21. Bd2 h6
22. Qa3 Rd7 23. Re2 Kg8 24. Rae1 Kh7 25. Ng3 c5 26. dxc5 Nxc5 27. Be3 Ne6 28.
Rd2 Qc6 29. Red1 Rhd8 30. Nf1 Be5 31. Qb4 Rxd2 32. Rxd2 Rxd2 33. Nxd2 Nc5 34.
Qh4 Bg7 35. Qxe7 Nd3 36. Qxf7 Ne1 37. f3 Nc2 38. Bf2 a5 39. Ne4 b5 40. Bg3 b4
41. Be5 Qb6+ 42. Kh2 1-0

[Event "Women's Speed Chess Q4"]
[Site "chess.com INT"]
[Date "2020.06.21"]
[Round "8"]
[White "Antolak, Julia"]
[Black "Karnaukhova, Elmira"]
[Result "0-1"]
[WhiteTitle "WIM"]
[BlackTitle "WGM"]
[WhiteElo "2323"]
[BlackElo "2319"]
[WhiteFideId "1159569"]
[BlackFideId "4148827"]
[EventDate "2020.06.21"]

1. e4 c5 2. Nf3 d6 3. d4 cxd4 4. Nxd4 Nf6 5. Nc3 a6 6. Bg5 e6 7. f4 Nc6 8. Nxc6
bxc6 9. e5 h6 10. Bh4 g5 11. fxg5 Nd5 12. Ne4 Qb6 13. Qd2 Qxb2 14. Rd1 Qxe5 15.
Bd3 hxg5 16. Bg3 Nf4 17. O-O d5 18. Nxg5 Qxg5 19. Bxf4 Bc5+ 20. Kh1 Qh5 21. Qc3
d4 22. Qc4 Bd7 23. Be4 Rc8 24. Qxa6 e5 25. Bg3 Qg4 26. Bxe5 f6 27. Bf4 Kf7 28.
Qc4+ Kg7 29. Qxc5 Rce8 30. Bxc6 Re2 31. Bf3 Qxf4 32. g3 Rhxh2+ 33. Kg1 Qxg3+ 0-1

[Event "Women's Speed Chess Q4"]
[Site "chess.com INT"]
[Date "2020.06.21"]
[Round "8"]
[White "Mkrtchian, Lilit"]
[Black "Daulyte-Cornette, Deimante"]
[Result "0-1"]
[WhiteTitle "IM"]
[BlackTitle "IM"]
[WhiteElo "2388"]
[BlackElo "2400"]
[WhiteFideId "13300601"]
[BlackFideId "12802859"]
[EventDate "2020.06.21"]

1. d4 Nf6 2. c4 b6 3. Nc3 Bb7 4. a3 d5 5. cxd5 Nxd5 6. Nf3 e6 7. Bd2 Be7 8. Qc2
O-O 9. e4 Nxc3 10. Bxc3 c5 11. dxc5 Bxc5 12. Bd3 Nc6 13. b4 Nd4 14. Bxd4 Bxd4
15. Rd1 Qf6 16. O-O Rac8 17. Qe2 Rfd8 18. Ba6 Bxa6 19. Qxa6 Rc7 20. e5 Qf4 21.
Rd3 h6 22. Rfd1 Rc1 23. Nxd4 Rxd1+ 24. Rxd1 Rxd4 25. Qc8+ Kh7 26. Qc2+ g6 27.
Rf1 Qxe5 28. Qc6 Qd5 29. Qc7 Qd7 30. Qc2 Rd2 31. Qe4 Rd1 32. g3 Rxf1+ 33. Kxf1
Qd1+ 34. Kg2 Qd5 35. Qxd5 exd5 36. Kf3 Kg7 37. Ke3 Kf6 38. Kd4 Ke6 0-1

[Event "Women's Speed Chess Q4"]
[Site "chess.com INT"]
[Date "2020.06.21"]
[Round "8"]
[White "Goh, Jie Yi"]
[Black "Zavivaeva, Evelina"]
[Result "1-0"]
[WhiteTitle "WCM"]
[BlackTitle "WCM"]
[WhiteElo "1743"]
[BlackElo "1619"]
[WhiteFideId "5710049"]
[BlackFideId "44127839"]
[EventDate "2020.06.21"]

1. d4 Nf6 2. Bf4 e6 3. e3 b6 4. Nf3 Bb7 5. Bd3 d6 6. c4 Nbd7 7. Nc3 g6 8. Qd2
Bg7 9. e4 O-O 10. h4 Re8 11. Bh6 e5 12. d5 Nc5 13. Bc2 a5 14. O-O-O Ba6 15. Bxg7
Kxg7 16. Qe2 Qd7 17. Rdg1 Rab8 18. Nd2 b5 19. cxb5 Bxb5 20. Qf3 Qg4 21. Qe3 Rbc8
22. f3 Qf4 23. Qxf4 exf4 24. Nxb5 Re7 25. Nc4 Rb8 26. Nc3 Nfd7 27. Nxa5 Ra8 28.
Nc6 Ree8 29. b4 Na6 30. Kb2 Nab8 31. Ba4 Nxc6 32. Bxc6 Rad8 33. a4 Nb8 34. Bxe8
Rxe8 35. b5 Rc8 36. a5 Nd7 37. Ra1 Ra8 38. Rhb1 Rb8 39. Kc2 1-0

[Event "Women's Speed Chess Q4"]
[Site "chess.com INT"]
[Date "2020.06.21"]
[Round "8"]
[White "Shukhman, Anna"]
[Black "Klinova, Masha"]
[Result "1/2-1/2"]
[WhiteTitle "WCM"]
[BlackTitle "IM"]
[WhiteElo "1866"]
[BlackElo "2275"]
[WhiteFideId "54180058"]
[BlackFideId "2802015"]
[EventDate "2020.06.21"]

1. e4 d6 2. d4 Nf6 3. Nc3 e5 4. dxe5 dxe5 5. Qxd8+ Kxd8 6. Bg5 Nd7 7. O-O-O a6
8. f4 Bd6 9. Nf3 Ke8 10. f5 b5 11. Bd3 h6 12. Bh4 Bb7 13. Rhe1 Nc5 14. Bxf6 gxf6
15. Bf1 Ke7 16. Nd5+ Bxd5 17. Rxd5 c6 18. Rd2 Rad8 19. c3 Bc7 20. b4 Na4 21. Kc2
Bb6 22. Red1 Rxd2+ 23. Rxd2 a5 24. a3 Ra8 25. c4 bxc4 26. Bxc4 axb4 27. axb4 Bc7
28. b5 cxb5 29. Bxb5 Nc5 30. Bc6 Ra6 31. Bd5 Ra4 32. Re2 Ba5 33. Nd2 Bxd2 34.
Kxd2 Nd7 35. Ke3 Nb6 36. Rb2 Ra3+ 37. Ke2 Nxd5 38. exd5 Kd6 39. Rb6+ Kxd5 40.
Rxf6 Ke4 41. Rxh6 Ra2+ 42. Kf1 Kxf5 43. Rh4 e4 44. Rh7 f6 45. Rb7 Kf4 46. Rb4 f5
47. Rb3 Rc2 48. Rb4 Ke3 49. Rb3+ Kd2 50. Kf2 Rc3 51. Rxc3 Kxc3 52. Ke3 Kc4 53.
h4 Kd5 54. h5 Ke6 55. Kf4 Kf6 56. g4 fxg4 57. Kxg4 e3 58. Kf3 Kg5 59. Kxe3 Kxh5 1/2-1/2

[Event "Women's Speed Chess Q4"]
[Site "chess.com INT"]
[Date "2020.06.21"]
[Round "8"]
[White "Divya, Deshmukh"]
[Black "Solozhenkina, Elizaveta"]
[Result "0-1"]
[WhiteTitle "WIM"]
[BlackTitle "WIM"]
[WhiteElo "2305"]
[BlackElo "2301"]
[WhiteFideId "35006916"]
[BlackFideId "34106615"]
[EventDate "2020.06.21"]

1. e4 c6 2. d4 d5 3. Nd2 dxe4 4. Nxe4 Bf5 5. Ng3 Bg6 6. h4 h6 7. Nh3 Nf6 8. Nf4
Bh7 9. Bc4 e6 10. O-O Be7 11. Bxe6 fxe6 12. Nxe6 Qd7 13. Nxg7+ Kf7 14. N7h5 Nxh5
15. Nxh5 Bg6 16. Nf4 Bf5 17. Qh5+ Kg7 18. Re1 Bf6 19. Qf3 Bg4 20. Qg3 Kh7 21.
Qd3+ Bf5 22. Nh5 Bxh4 23. Qe3 Bg5 24. f4 Bd8 25. Qe5 Rg8 26. Bd2 Na6 27. Bc3 Qd5
28. Qe2 Bh4 29. Rf1 Bg4 30. Qd3+ Bf5 31. Qe2 Rae8 32. Qd2 Rxg2+ 33. Qxg2 Rg8 34.
Qxg8+ Qxg8+ 35. Kh2 Qg4 36. Rae1 Qxh5 37. Re3 Bf2+ 38. Kg2 Bxe3 39. Re1 Be4+ 40.
Kf1 Qf3# 0-1

[Event "Women's Speed Chess Q4"]
[Site "chess.com INT"]
[Date "2020.06.21"]
[Round "8"]
[White "Ismayil, Malak"]
[Black "Kanyamarala, Trisha"]
[Result "1/2-1/2"]
[WhiteTitle "WCM"]
[BlackTitle "WIM"]
[WhiteElo "1997"]
[BlackElo "2193"]
[WhiteFideId "13412604"]
[BlackFideId "45004722"]
[EventDate "2020.06.21"]

1. e4 c5 2. Nf3 d6 3. d4 cxd4 4. Nxd4 Nf6 5. Nc3 Nc6 6. Bc4 e6 7. O-O Be7 8. Nb3
O-O 9. Be3 a6 10. a4 b6 11. f4 Bb7 12. Qe1 Nb4 13. Bd3 d5 14. e5 Ne4 15. Bxe4
dxe4 16. Qf2 b5 17. axb5 axb5 18. Nxb5 Rxa1 19. Rxa1 Bd5 20. N3d4 Bc5 21. h3 Qb6
22. Nc3 Bc6 23. Re1 Rc8 24. Nxc6 Bxe3 25. Qxe3 Qxc6 26. Qxe4 Qxe4 27. Rxe4 Nxc2
28. Re2 Nd4 29. Rd2 Nb3 30. Rd7 Nc5 31. Rd2 Kf8 32. Kf2 Rb8 33. Ke3 Rb3 34. Kd4
Na6 35. g4 Rb4+ 36. Ke3 Nc5 37. Kf3 Rb3 38. h4 Na4 39. Rc2 Nxb2 40. Ke4 Rb4+ 41.
Kf3 Nc4 42. Ne4 Ke7 43. Rc3 f5 44. exf6+ gxf6 45. g5 fxg5 46. fxg5 Ne5+ 47. Ke3
Ng4+ 48. Kf3 Ne5+ 49. Ke3 Ng4+ 50. Kf3 Nh2+ 51. Ke3 Ng4+ 1/2-1/2

[Event "Women's Speed Chess Q4"]
[Site "chess.com INT"]
[Date "2020.06.21"]
[Round "8"]
[White "Gvanceladze, Anna"]
[Black "Petrova, Irina"]
[Result "0-1"]
[WhiteTitle "WFM"]
[BlackTitle "WIM"]
[WhiteElo "2254"]
[BlackElo "2087"]
[WhiteFideId "4113721"]
[BlackFideId "14124122"]
[EventDate "2020.06.21"]

1. Nf3 g6 2. g3 Bg7 3. Bg2 d6 4. d4 Nd7 5. a4 d5 6. a5 Ngf6 7. Bf4 O-O 8. O-O c5
9. c3 b6 10. Nbd2 bxa5 11. Qa4 Ba6 12. Rfe1 Ne4 13. Qxa5 Qxa5 14. Rxa5 Bb7 15.
Nxe4 dxe4 16. Ne5 Nxe5 17. dxe5 Rfc8 18. Rd1 e6 19. h4 Bd5 20. Rda1 Rab8 21. Rb1
Rc7 22. b4 cxb4 23. cxb4 Bf8 24. b5 Bc5 25. Ra4 Rcb7 26. Ra5 Kg7 27. g4 h6 28.
e3 Rc7 29. Bf1 Bb6 30. Ra4 Rbc8 31. Raa1 Rc2 32. Kg2 Rd2 33. Kg1 Rcc2 34. Bg3
Ra2 35. Rxa2 Rxa2 36. Rc1 Rb2 37. Rc8 Rb1 38. Kg2 Rb2 39. h5 g5 40. Rb8 Rb1 41.
Rc8 Rb2 42. Kg1 Rb1 43. Rc2 Rb3 44. Rd2 Rb1 45. Rc2 Bb3 0-1

[Event "Women's Speed Chess Q4"]
[Site "chess.com INT"]
[Date "2020.06.21"]
[Round "8"]
[White "Xu, Yuanyuan"]
[Black "Grigoryan, Meri"]
[Result "1-0"]
[WhiteTitle "WGM"]
[BlackTitle "WFM"]
[WhiteElo "2317"]
[BlackElo "2044"]
[WhiteFideId "8601089"]
[BlackFideId "13300571"]
[EventDate "2020.06.21"]

1. d4 d5 2. c4 e5 3. dxe5 d4 4. Nf3 Nc6 5. a3 a5 6. Bf4 Bc5 7. Nbd2 a4 8. Ne4 b6
9. g3 Nge7 10. Bg2 Bf5 11. Nxc5 bxc5 12. O-O O-O 13. Nd2 Ra6 14. Ne4 Bxe4 15.
Bxe4 Ng6 16. Bxc6 Rxc6 17. Qxa4 Re6 18. Bd2 Rxe5 19. Rfe1 Rfe8 20. b4 Rxe2 21.
Rxe2 Rxe2 22. Re1 d3 23. Kf1 Ne5 24. Rxe2 dxe2+ 25. Kxe2 Qd3+ 26. Kd1 h6 27.
Qe8+ Kh7 28. Qxe5 Qxc4 29. Qxc5 Qf1+ 30. Kc2 Qa1 31. Qf5+ Kg8 32. Qc8+ Kh7 33.
Qxc7 Qa2+ 34. Kc1 Qxa3+ 35. Kc2 Qa2+ 36. Kd3 Qd5+ 37. Ke3 Qe6+ 38. Kf3 Qd5+ 39.
Ke2 Qe4+ 40. Be3 Qxb4 41. Qxf7 Qb2+ 42. Kf3 Qc2 43. Qe6 Qc3 44. Kg2 Qa3 45. Qf5+
Kg8 46. Bd4 Qa8+ 47. Kg1 Qa1+ 48. Bxa1 Kh8 49. Qg6 1-0

[Event "Women's Speed Chess Q4"]
[Site "chess.com INT"]
[Date "2020.06.21"]
[Round "8"]
[White "Vaishali, R"]
[Black "Buksa, Nataliya"]
[Result "1-0"]
[WhiteTitle "WGM"]
[BlackTitle "IM"]
[WhiteElo "2393"]
[BlackElo "2410"]
[WhiteFideId "5091756"]
[BlackFideId "14123622"]
[EventDate "2020.06.21"]

1. e4 c5 2. Nc3 Nc6 3. Nge2 e5 4. Nd5 Nge7 5. Nec3 Nxd5 6. Nxd5 Ne7 7. Bc4 Nxd5
8. Bxd5 g6 9. Qf3 Qe7 10. b4 d6 11. bxc5 dxc5 12. Ba3 Qc7 13. Qf6 Rg8 14. O-O
Bg7 15. Qh4 h6 16. Rab1 Rb8 17. f4 Be6 18. Bxe6 fxe6 19. Qg4 Qe7 20. Qxg6+ Kd7
21. f5 Bh8 22. fxe6+ Kd6 23. Qf7 b6 24. Rb3 Rbe8 25. Rd3+ Kc6 26. Rd7 Qxe6 27.
Rc7+ Kb5 28. Rb1+ Kc4 29. d3+ Kc3 30. Rb3+ Qxb3 31. Qxb3+ Kd2 32. Rf7 Ref8 33.
Rxf8 Rxf8 34. c4 Bf6 35. Bb2 Bg5 36. Qc3+ Ke2 37. Qc2+ Bd2 38. g3 Rf1+ 39. Kg2
Rf2+ 40. Kh3 Ke3 41. Qd1 Kxd3 42. Bxe5 Kxe4 43. Bb8 Kd3 44. Bxa7 Kxc4 45. Bxb6
Kd4 46. Qb3 1-0

[Event "Women's Speed Chess Q4"]
[Site "chess.com INT"]
[Date "2020.06.21"]
[Round "8"]
[White "Bogumil, Tatiana"]
[Black "Toncheva, Nadya"]
[Result "0-1"]
[WhiteTitle "WGM"]
[BlackTitle "WFM"]
[WhiteElo "2182"]
[BlackElo "2064"]
[WhiteFideId "4110579"]
[BlackFideId "2924056"]
[EventDate "2020.06.21"]

1. Nf3 c5 2. g3 g6 3. Bg2 Bg7 4. O-O Nc6 5. c4 e6 6. Nc3 Nge7 7. d3 O-O 8. Bg5
h6 9. Be3 b6 10. d4 cxd4 11. Nxd4 Bb7 12. Qd2 Kh7 13. Rad1 Nxd4 14. Bxd4 Bxg2
15. Kxg2 e5 16. Be3 f5 17. Qxd7 f4 18. Bc1 Nf5 19. Qxd8 Raxd8 20. Ne4 Nd4 21.
Rfe1 Nxe2 22. Rxd8 f3+ 23. Kf1 Rxd8 24. Nd2 Nxc1 25. Nxf3 Nd3 26. Re2 Rf8 27.
Kg2 Rc8 28. b3 Re8 29. Nd2 Nc1 30. Re1 Nxa2 31. Ra1 Nb4 32. Rxa7 Kg8 33. Ne4 Rd8
34. Rb7 Rd3 35. Rxb6 Rxb3 36. Rxg6 Kf7 37. Rb6 Bf8 38. h4 Rd3 39. c5 Rd4 40. Kf3
Nd5 41. Rb7+ Ne7 42. c6 Rd3+ 43. Ke2 Rd4 44. f3 Ke6 45. c7 Rc4 46. Rb8 Bg7 0-1

[Event "Women's Speed Chess Q4"]
[Site "chess.com INT"]
[Date "2020.06.21"]
[Round "8"]
[White "Gaponenko, Inna"]
[Black "Mohota, Nisha"]
[Result "1-0"]
[WhiteTitle "IM"]
[BlackTitle "IM"]
[WhiteElo "2396"]
[BlackElo "2195"]
[WhiteFideId "14101181"]
[BlackFideId "5004330"]
[EventDate "2020.06.21"]

1. e4 e5 2. Nf3 Nc6 3. Bb5 a6 4. Bxc6 dxc6 5. O-O Bg4 6. h3 Bxf3 7. Qxf3 Qd7 8.
d3 h5 9. Be3 O-O-O 10. Nd2 Kb8 11. Nc4 f6 12. b4 g5 13. Qe2 Bxb4 14. Rab1 Bf8
15. Na5 b5 16. a4 Ne7 17. Rb3 g4 18. h4 Nc8 19. c4 f5 20. exf5 Be7 21. g3 Rhf8
22. Rfb1 Nd6 23. axb5 cxb5 24. cxb5 Nxb5 25. Qc2 c5 26. Qc4 Ka8 27. Qe4+ Qd5 28.
Nc6 Qxe4 29. dxe4 Rd7 30. Nxe7 Rxe7 31. Bxc5 Ref7 32. Bxf8 Rxf8 33. Rxb5 axb5
34. Rxb5 Rc8 35. Rxe5 Rc1+ 36. Kg2 Kb7 37. f6 Rc8 38. Rxh5 Rf8 39. e5 Kc6 40. f4
Kd5 41. Rg5 Ke6 42. Rxg4 Ra8 43. Rg7 Ra2+ 44. Kh3 Ra1 45. Kg4 Ra3 46. Re7+ Kd5
47. f7 Ra8 48. Re8 1-0

[Event "Women's Speed Chess Q4"]
[Site "chess.com INT"]
[Date "2020.06.21"]
[Round "8"]
[White "Kubicka, Anna"]
[Black "Bivol, Alina"]
[Result "1/2-1/2"]
[WhiteTitle "WIM"]
[BlackTitle "WGM"]
[WhiteElo "2256"]
[BlackElo "2386"]
[WhiteFideId "1152254"]
[BlackFideId "4100123"]
[EventDate "2020.06.21"]

1. e4 e6 2. d4 d5 3. Nd2 c5 4. Ngf3 Nf6 5. exd5 exd5 6. Bb5+ Bd7 7. Bxd7+ Nbxd7
8. O-O Be7 9. dxc5 Nxc5 10. Nb3 Nce4 11. Nbd4 Qd7 12. Ne5 Qc8 13. Bf4 O-O 14. f3
Nc5 15. Re1 Re8 16. c3 Nh5 17. Bd2 Qc7 18. Nf5 Bf8 19. Ng4 Nd3 20. Rxe8 Rxe8 21.
Qc2 Ne5 22. Nxe5 Rxe5 23. Re1 Nf4 24. Be3 Ne6 25. Bf2 Rxe1+ 26. Bxe1 g6 27. Ne3
Bc5 28. Bf2 Qf4 29. Nxd5 Bxf2+ 30. Qxf2 Qc1+ 31. Qf1 Qxb2 32. Qc4 b5 33. Qd3
Qa1+ 34. Qf1 Qxa2 35. Qxb5 Kg7 36. Qd3 a5 37. Qe4 Qa1+ 38. Kf2 Qb2+ 39. Kg3 Qb8+
40. f4 Qd6 41. Kf3 a4 42. Ne3 a3 43. Nc2 Qd1+ 44. Kg3 a2 45. f5 Ng5 46. Qd4+
Qxd4 47. cxd4 gxf5 48. Kf4 Kf6 49. d5 Ne4 50. g4 Nd2 51. g5+ Ke7 52. Kxf5 Nb3
53. Ke5 a1=Q+ 54. Nxa1 Nxa1 55. d6+ Ke8 56. Kf6 Nc2 57. Kg7 Nd4 58. Kxh7 Nf3 59.
g6 fxg6 60. Kxg6 Nxh2 1/2-1/2

[Event "Women's Speed Chess Q4"]
[Site "chess.com INT"]
[Date "2020.06.21"]
[Round "8"]
[White "Doluhanova, Evgeniya"]
[Black "Morris-Suzuki, Sophie"]
[Result "1-0"]
[WhiteTitle "WGM"]
[BlackTitle "WFM"]
[WhiteElo "2229"]
[BlackElo "2043"]
[WhiteFideId "14112035"]
[BlackFideId "30922615"]
[EventDate "2020.06.21"]

1. Nf3 Nf6 2. b3 e6 3. Bb2 Be7 4. e3 O-O 5. c4 b6 6. Nc3 Bb7 7. Be2 a6 8. O-O d5
9. cxd5 exd5 10. Rc1 Nbd7 11. d4 c5 12. dxc5 bxc5 13. Na4 Qb8 14. Bd3 Bc6 15.
Bxf6 Nxf6 16. Nxc5 Qb6 17. Ne5 Be8 18. b4 Qxb4 19. Nb3 Bd6 20. Nc6 Qb5 21. Bxb5
axb5 22. Qe2 b4 23. Ncd4 Ba4 24. Nf5 Be5 25. Rfd1 Rfd8 26. f4 Bc3 27. Qf3 g6 28.
Ne7+ Kg7 29. Nxd5 Nxd5 30. Rxd5 Bc6 31. e4 Bxd5 32. exd5 Rxa2 33. Rxc3 bxc3 34.
Qxc3+ Kg8 35. h4 Rxd5 36. Kh2 Ra8 37. Nd4 Re8 38. Nf3 h5 39. Qc6 Red8 40. Ng5
Rf5 41. Qc7 Rd4 42. g3 Rd2+ 43. Kh3 Re2 44. Qc8+ Kg7 45. Qc3+ Kg8 46. Qd3 Re8
47. Qd4 Ra5 48. Ne4 Kf8 49. Qd6+ Kg7 50. Qf6+ Kg8 51. Nd6 Ra6 52. Qxf7+ Kh8 53.
Qxe8+ Kg7 54. Qf7+ Kh6 55. Qf8+ Kh7 56. Nf7 Ra2 57. Ng5# 1-0